| 000 | 01172nam a2200301Ia 4500 | ||
|---|---|---|---|
| 001 | ebr10185718 | ||
| 003 | CaPaEBR | ||
| 006 | m u | ||
| 007 | cr cn||||||||| | ||
| 008 | 061018s2007 maua s 001 0 eng d | ||
| 010 | _z 2005929817 | ||
| 020 | _z1598630687 | ||
| 040 |
_aCaPaEBR _cCaPaEBR |
||
| 035 | _a(OCoLC)216947164 | ||
| 050 | 1 | 4 |
_aTK7882.I6 _bA25 2007eb |
| 100 | 1 | _aAblan, Dan. | |
| 245 | 1 | 4 |
_aThe official Luxology modo guide _h[electronic resource] / _cDan Ablan. |
| 246 | 3 | 0 | _aLuxology modo guide |
| 260 |
_aBoston : _bCourse Technology PTR, _cc2007. |
||
| 300 |
_axviii, 368 p. : _bill. |
||
| 500 | _aIncludes index. | ||
| 533 |
_aElectronic reproduction. _bPalo Alto, Calif. : _cebrary, _d2009. _nAvailable via World Wide Web. _nAccess may be limited to ebrary affiliated libraries. |
||
| 630 | 0 | 0 |
_aLuxology modo (Computer program) _vHandbooks, manuals, etc. |
| 650 | 0 |
_aThree-dimensional display systems _vHandbooks, manuals, etc. |
|
| 655 | 7 |
_aElectronic books. _2local |
|
| 710 | 2 | _aebrary, Inc. | |
| 856 | 4 | 0 |
_uhttp://site.ebrary.com/lib/rucke/Doc?id=10185718 _zAn electronic book accessible through the World Wide Web; click to view |
| 999 |
_c232474 _d232474 |
||